Statistiques concernant Capitale des Pays dépendants

Cliquez ici pour prendre le quiz!

Statistiques générales

  • Ce quiz a été pris 29 fois
  • Le résultat moyen est 8 sur 39

Statistiques - réponses

IndiceRéponse% Correct
GibraltarGibraltar
79%
Hong KongHong-Kong
75%
TibetLhassa
67%
MacaoMacao
67%
GroenlandNuuk
54%
Saint-Pierre-et-MiquelonSaint-Pierre
54%
Chypre du NordNicosie
50%
Porto RicoSan Juan
38%
NiueAlofi
29%
Île de ManDouglas
25%
BermudesHamilton
21%
Îles MalouinesPort-Stanley
21%
Îles CookAvarua
17%
KurdistanErbil
13%
NovorussieKiev
13%
ArubaOranjestad
13%
Saint-EustacheOranjestad
13%
MontesrratPlymouth
13%
République autonome de CriméeSimferopol
13%
CuraçaoWillemstad
13%
Îles Ashmore et CartierCanberra
8%
Îles Heard-et-MacDonaldCanberra
8%
Îles Vierges des États-UnisCharlotte-Amélie
8%
SomalilandHargeisa
8%
BonaireKralendijk
8%
AnguillaThe Valley
8%
Îles FéroéThørsavn
8%
Îles Turques-et-CaïquesCockburn Town
4%
Île ChristmasFlying Fish Cove
4%
Îles CaïmansGeorge Town
4%
Îles ÅlandMariehamn
4%
KarakalpakistanNukus
4%
Îles Vierges britanniquesRoad Town
4%
SabaThe Bottom
4%
Îles CocosWest Island
4%
PuntlandGarowe
0%
Géorgie du Sud-et-les îles Sandwich du SudKing Edward Point
0%
TokelauNukunonu
0%
Saint-MartinPhilipsburg
0%

Distribution des résultats

Percentile par nombre de réponses

% des personnes avec chaque résultat

Votre développement - résultats

Vous n’avez pas pris ce quiz